[Event "Montigny le Bretonneux op 20th"]
[Site "Montigny le Bretonneux"]
[Date "2022.10.28"]
[Round "7"]
[White "Plantet, Marc"]
[Black "Yu, Matthieu"]
[Result "0-1"]
[WhiteElo "1739"]
[BlackElo "1743"]
[PlyCount "74"]
[EventDate "2022.10.22"]
[EventType "swiss"]
[EventRounds "9"]
[EventCountry "FRA"]
[SourceTitle "EXT 2024"]
[Source "ChessBase"]
[SourceDate "2023.10.10"]
[SourceVersion "1"]
[SourceVersionDate "2023.10.10"]
[SourceQuality "1"]

1. e4 e6 2. d4 d5 3. e5 c5 4. c3 Nc6 5. Nf3 Qb6 6. Bd3 cxd4 7. cxd4 Bd7 8. 0-0 Nxd4 9. Nxd4 Qxd4 10. Nc3 a6 11. Qe2 Ne7 12. Rd1 Qb6 13. Be3 Qc7 14. Bf4 Nc6 15. Bg3 Qa5 16. a3 Nd4 17. Qg4 Nb3 18. Ra2 Rc8 19. a4 g6 20. h4 Qb4 21. Qe2 Be7 22. Bc2 Nd4 23. Qd2 Nxc2 24. Qxc2 d4 25. Qd3 Rc4 26. a5 Bc6 27. Ne4 Bxe4 28. Qxe4 Qb3 29. Qb1 Bc5 30. Rc1 Rxc1+ 31. Qxc1 Qxa2 32. Qxc5 Qd5 33. Qc8+ Qd8 34. Qxb7 Qxa5 35. Qc6+ Kf8 36. Bf4 Kg7 37. Bg5 Qxe5 0-1